000 00588nam a22001817a 4500
005 20251108164314.0
008 250721s1986 xx 000 0 ara d
082 1 4 _a355.3432/عبد
100 1 _aكولبي، وليام
245 1 0 _aثلاثون عاما في خدمة المخابرات الأمريكية /
264 1 _aبيروت :
_bدار المروج،
_c1986.
300 _a263ص
650 1 7 _aوكالة الإستخبارات المركزية
650 1 7 _aالجواسيس
700 1 _aالحجيري، عبد الله
_eترجمة
942 _2ddc
_cBK
999 _c8885
_d8885